00370nam a2200121Ia 4500008004100000100001600041245002400057245002500081260000900106856004100115999001900156952007300175160531s9999 xx 000 0 und d aPage, Dany. aStellar Superfluids cby Dany Page, et al. c2013 uhttp://arxiv.org/pdf/1302.6626v2.pdf c295179d295179 001040aCLbCLd2016-05-31l0r2016-05-31 00:00:00w2016-05-31yCBE